000
00229nam a2200097Ia 4500
008
240331s9999 xx 000 0 und d
082
_b
BEY
100
_a
Logo. ed
245
0
_a
Beyond ethnic conflict....? :
_b
In Sri Lanka
942
_c
L
999
_c
1985
_d
1985